书目信息 |
| 题名: |
学士学位英语联考应试教程
|
|
| 作者: | 潘卫民 , 朱献珑 , 吴迪龙 主编 | |
| 分册: | ||
| 出版信息: | 长沙 湖南师范大学出版社 2006.08 |
|
| 页数: | 352页 | |
| 开本: | 26cm | |
| 丛书名: | ||
| 单 册: | ||
| 中图分类: | H31 | |
| 科图分类: | ||
| 主题词: | 英语--ying yu--成人教育--高等教育--自学参考资料 | |
| 电子资源: | ||
| ISBN: | 7-81081-570-9 | |
| 000 | 00910nam0 2200241 450 | |
| 001 | 012006949938 | |
| 005 | 20061220110700.70 | |
| 010 | @a7-81081-570-9@dCNY26.80 | |
| 100 | @a20061123d2006 km y0chiy0120 ea | |
| 101 | 0 | @achi@aeng |
| 102 | @aCN@b430000 | |
| 105 | @ay z 000yy | |
| 200 | 1 | @a学士学位英语联考应试教程@Axue shi xue wei ying yu lian kao ying shi jiao cheng@f吴迪龙, 潘卫民, 朱献珑主编@Fwu di long,pan wei min,zhu xian long zhu bian |
| 210 | @a长沙@c湖南师范大学出版社@d2006.08 | |
| 215 | @a352页@d26cm | |
| 330 | @a本书主要分为2部分:上篇为学士学位英语考试基础知识与应试技巧,下篇为学士学位英语全真模拟试题,本书注重题目的解释。 | |
| 606 | 0 | @a英语@Aying yu@x成人教育@x高等教育@j自学参考资料 |
| 690 | @aH31@v4 | |
| 701 | 0 | @a潘卫民@Apan wei min@4主编 |
| 701 | 0 | @a朱献珑@Azhu xian long@4主编 |
| 701 | 0 | @a吴迪龙@Awu di long@4主编 |
| 801 | 0 | @aCN@c20061220 |
| 905 | @a10447@dH31@eW763 | |
| 学士学位英语联考应试教程/吴迪龙, 潘卫民, 朱献珑主编.-长沙:湖南师范大学出版社,2006.08 |
| 352页;26cm |
| ISBN 7-81081-570-9:CNY26.80 |
| 本书主要分为2部分:上篇为学士学位英语考试基础知识与应试技巧,下篇为学士学位英语全真模拟试题,本书注重题目的解释。 |
| ● |
| 相关链接 |
|
|
|
正题名:学士学位英语联考应试教程
索取号:H31/W763
 
预约/预借
| 序号 | 登录号 | 条形码 | 馆藏地/架位号 | 状态 | 备注 |
| 1 | 228241 | 202282412 | 语言库209/209语言库 87排4列6层/ [索取号:H31/W763] | 在馆 | |
| 2 | 228242 | 202282421 | 语言库209/209语言库 87排4列6层/ [索取号:H31/W763] | 在馆 | |
| 3 | 228243 | 202282430 | 语言库209/209语言库 87排4列6层/ [索取号:H31/W763] | 在馆 |